| 000 | 03947cam a2200373 i 4500 | ||
|---|---|---|---|
| 999 |
_c9214 _d9214 |
||
| 001 | 1090283392 | ||
| 003 | OCoLC | ||
| 005 | 20241126110707.0 | ||
| 008 | 190704t20192019miu b 001 0 eng | ||
| 010 | _a2019026125 | ||
| 020 |
_a9780802876959 _qpaperback |
||
| 020 |
_a0802876951 _qpaperback |
||
| 035 | _a(OCoLC)1090283392 | ||
| 040 |
_aLBSOR/DLC _beng _erda _cDLC _dOCLCO _dOCLCF _dIDI _dGO4 _dCMI _dOCLCO _dLNT _dDTM _dYDX _dDLC _dBKL _dL2U _dMTU |
||
| 042 | _apcc | ||
| 043 | _an-us--- | ||
| 050 | 0 | 0 |
_aBR1640 _b.E835 2019 |
| 082 | 0 | 0 |
_a270.82 _223 _bEVA |
| 245 | 0 | 0 |
_aEvangelicals : _bwho they have been, are now, and could be / _c[edited by] Mark A. Noll, David W. Bebbington, George M. Marsden. |
| 264 | 1 |
_aGrand Rapids, Michigan : _bWilliam B. Eerdmans Publishing Company, _c2019. |
|
| 264 | 4 | _c℗♭2019. | |
| 300 |
_axi, 336 pages ; _c23 cm |
||
| 336 |
_atext _btxt _2rdacontent |
||
| 337 |
_aunmediated _bn _2rdamedia |
||
| 338 |
_avolume _bnc _2rdacarrier |
||
| 504 | _aIncludes bibliographical references and index. | ||
| 505 | 0 | 0 |
_gPart I. _tThe history of "evangelical history". _tThe evangelical denomination / _rGeorge Marsden ; _tThe nature of evangelical religion / _rDavid W. Bebbington ; _tThe essential evangelicalism dialectic : the historiography of the early neo-evangelical movement and the observer-participant dilemma / _rDouglas A. Sweeney ; _tEvangelical constituencies in North America and the world / _rMark A. Noll ; _tThe evangelical discovery of history / _rDavid W. Bebbington ; _tRoundtable : re-examining David Bebbington's Quadrilateral ; _tIntroduction / _rCharlie Phillips ; _tThe Bebbington Quadrilateral and the work of the Holy Spirit / _rThomas S. Kidd ; _tBebbington's approach to evangelical Christianity as a pioneering effort in lived religion / _rAmanda Porterfield ; _tRevisiting Bebbington's classic rendering of modern evangelicalism at points of new departure / _rDarren Dochuk ; _tNoun or adjective? : the ravings of a fanatical nominalist / _rMark A. Noll ; _tDefining evangelicalism : questions that complement the quadrilateral / _rMolly Worthen ; _tThe evangelical Quadrilateral : a response / _rDavid W. Bebbington ; _tEvangelicals and unevangelicals : the contested history of a word / _rLinford D. Fisher -- _gPart II. _tThe current crisis : looking back. _tA strange love? : or, How White evangelicals learned to stop worrying and love the Donald / _rMichael S. Hamilton ; _tLive by the polls, die by the polls / _rD.G. Hart ; _tDonald Trump and militant evangelical masculinity / _rKristen Kobes Du Mez ; _tThe "weird" fringe is the biggest part of White evangelicalism / _rFred Clark -- _gPart III. _tThe current crisis : assessment. _tIs the term "evangelical" redeemable? / _rThomas S. Kidd ; _tCan evangelicalism survive Donald Trump? / _rTimothy Keller ; _tIdols of the Trump era / _rMolly Worthen ; _tAre Black Christians evangelicals? / _rJemar Tisby ; _tTo be or not to be an evangelical / _rBrian C. Stiller -- _gPart IV. _tHistorians seeking perspective. _tOn not mistaking one part for the whole : the future of American evangelicalism in a global perspective / _rGeorge Marsden ; _tEvangelicals and recent politics in Britain / _rDavid W. Bebbington ; _tWorld Cup or World Series? / _rMark A. Noll. |
| 520 |
_a"This books draws together significant considerations of evangelicalism from three of the historians who have contributed a great deal to putting the subject on the map, along with selected commentary from others who have benefited from, or sometimes questioned, their work"-- _cProvided by publisher. |
||
| 650 | 0 |
_aEvangelicalism. _0http://id.loc.gov/authorities/subjects/sh85045933 _9178 |
|
| 700 | 1 |
_aNoll, Mark A., _d1946- _0http://id.loc.gov/authorities/names/n77001087 _eeditor. _93624 |
|
| 700 | 1 |
_aBebbington, David, _d1949- _0http://id.loc.gov/authorities/names/n78028036 _eeditor. _93623 |
|
| 700 | 1 |
_aMarsden, George M., _d1939- _0http://id.loc.gov/authorities/names/n80015731 _eeditor. _916027 |
|
| 942 |
_2ddc _cBK _02 |
||